| 000 | 01142nam a2200253Ia 4500 | ||
|---|---|---|---|
| 999 |
_c47146 _d47146 |
||
| 001 | 14004 | ||
| 003 | GE_BSU | ||
| 005 | 20241018174254.0 | ||
| 008 | 181216s1990||||ge |||||||||||||| ||geo|| | ||
| 020 | _a5505012019 | ||
| 040 | _cGE_BSU | ||
| 041 | _ageo | ||
| 080 | _a616-053.31(075.8) ნ-69 | ||
| 100 |
_aნიჟარაძე, გ. _923458 |
||
| 245 |
_aახალშობილთა დაავადებები / _cგურამ ნიჟარაძე, ირაკლი ფავლენიშვილი ; რედ. : მ. ომანაძე, ც. შინდაგორიძე. |
||
| 264 |
_aთბილისი : _bგანათლება, _c1990. |
||
| 300 |
_a848 გვ. : _bილ. ; _c20 სმ. |
||
| 541 | _h20ლ. | ||
| 653 | _aახალშობილთა დაავადებები | ||
| 700 |
_aფავლენიშვილი, ირაკლი _eავტორი _96327 |
||
| 700 |
_aომანაძე, მ. _eრედაქტორი _923459 |
||
| 700 |
_aშინდაგორიძე, ც. _eრედაქტორი _923460 |
||
| 942 |
_cBK _2udc |
||